[Event "Landesklasse Ost 2016/2017"]
[Site "?"]
[Date "2016.09.26"]
[Round "1"]
[White "Kretzschmar, Bernd"]
[Black "Petigk, Falk"]
[Result "1-0"]
[WhiteElo "1822"]
[BlackElo "1703"]
[PlyCount "84"]
[EventDate "2016.??.??"]
[WhiteTeam "VfL 1990 Gera"]
[BlackTeam "SSV Vimaria 91 Weimar"]

1. e4 c5 2. Nf3 d6 3. d3 g6 4. g3 Bg7 5. Bg2 Nc6 6. O-O b5 7. Nbd2 Bb7 8. a4 a6
9. Re1 e6 10. h4 Nf6 11. Nf1 O-O 12. Bg5 h6 13. Bd2 Qc7 14. Qc1 Kh7 15. N1h2
Nd7 16. Ng4 h5 17. Ng5+ Kg8 18. Nh2 Nde5 19. f4 Nd7 20. c3 Rac8 21. Qd1 Nf6 22.
Bf3 Rce8 23. g4 hxg4 24. Nxg4 Nh7 25. axb5 axb5 26. Qe2 f6 27. Nxh7 Kxh7 28. h5
Qf7 29. hxg6+ Qxg6 30. Qh2+ Kg8 31. Kf2 f5 32. Ne3 Qh7 33. Qxh7+ Kxh7 34. Rh1+
Kg8 35. exf5 exf5 36. Bd5+ Rf7 37. Rag1 Nd8 38. Bxf7+ Nxf7 39. Rh5 Kf8 40. Nxf5
Bf6 41. Rh7 Bd5 42. Rg6 Bd8 1-0

[Event "Landesklasse Ost 2016/2017"]
[Site "?"]
[Date "2016.09.26"]
[Round "1"]
[White "Buchwald, Torsten"]
[Black "Welde, Kevin"]
[Result "1-0"]
[WhiteElo "1635"]
[BlackElo "1888"]
[PlyCount "119"]
[EventDate "2016.??.??"]
[WhiteTeam "SSV Vimaria 91 Weimar"]
[BlackTeam "VfL 1990 Gera"]

1. e4 c6 2. d4 d5 3. Nc3 dxe4 4. Nxe4 Nd7 5. Nf3 Ngf6 6. Bd3 e6 7. O-O Be7 8.
Bf4 Nxe4 9. Bxe4 Nf6 10. Bd3 O-O 11. c4 c5 12. dxc5 Bxc5 13. Qc2 h6 14. Rad1
Qb6 15. Qd2 Bb4 16. Qc1 Qa5 17. Bxh6 Qh5 18. Bg5 Be7 19. Bb1 b6 20. Rd4 Bb7 21.
Rh4 Bxf3 22. Rxh5 Bxh5 23. Qf4 Rac8 24. Qh4 Bg6 25. Bxg6 fxg6 26. Bxf6 Bxf6 27.
Qe4 Rce8 28. b3 Bb2 29. Qxg6 e5 30. Re1 Bd4 31. Re2 Re7 32. Kf1 Rf6 33. Qg5
Ref7 34. f3 Rf5 35. Qd8+ Kh7 36. Qh4+ Kg8 37. Qd8+ Kh7 38. Re4 Rf4 39. Rxf4
Rxf4 40. Ke2 a5 41. Qc7 Rf6 42. Qe7 Kg8 43. b4 axb4 44. Qxb4 Bc5 45. Qb5 Kf8
46. a4 Bd4 47. a5 bxa5 48. Qxa5 Rb6 49. f4 Rb2+ 50. Kf3 Rf2+ 51. Kg3 Rxf4 52.
Qd8+ Kf7 53. h3 Rf6 54. c5 Bf2+ 55. Kh2 e4 56. Qd5+ Re6 57. Qf5+ Rf6 58. Qxe4
Re6 59. Qf4+ Rf6 60. Qc4+ 1-0

[Event "Landesklasse Ost 2016/2017"]
[Site "?"]
[Date "2016.09.26"]
[Round "1"]
[White "Fietsch, Roland"]
[Black "Günther, Andreas"]
[Result "0-1"]
[WhiteElo "1765"]
[BlackElo "2071"]
[PlyCount "44"]
[EventDate "2016.??.??"]
[WhiteTeam "VfL 1990 Gera"]
[BlackTeam "SSV Vimaria 91 Weimar"]

1. d4 f5 2. g3 Nf6 3. Bg2 g6 4. Nf3 Bg7 5. c4 O-O 6. Nc3 d6 7. O-O Nc6 8. Re1
Ne4 9. e3 Nxc3 10. bxc3 e5 11. e4 fxe4 12. Bg5 Qe8 13. Rxe4 Qf7 14. d5 Ne7 15.
g4 Kh8 16. Qd2 Ng8 17. Rf1 h6 18. Nh4 hxg5 19. Qxg5 Bf6 20. f4 Bxg5 21. fxg5
Qxf1+ 22. Bxf1 Kg7 0-1

[Event "Landesklasse Ost 2016/2017"]
[Site "?"]
[Date "2016.09.26"]
[Round "1"]
[White "Schmidt, Stephan"]
[Black "Walther, Thomas"]
[Result "0-1"]
[WhiteElo "1631"]
[BlackElo "1852"]
[PlyCount "118"]
[EventDate "2016.??.??"]
[WhiteTeam "SSV Vimaria 91 Weimar"]
[BlackTeam "VfL 1990 Gera"]

1. e4 c5 2. Nf3 Nc6 3. d4 cxd4 4. Nxd4 Nf6 5. Nc3 g6 6. Be3 Bg7 7. Be2 O-O 8.
O-O d6 9. Nxc6 bxc6 10. f4 Qa5 11. Rb1 Ne8 12. Bd4 e5 13. fxe5 Bxe5 14. Bxe5
Qxe5 15. Kh1 Nf6 16. Bf3 h5 17. Qd3 Bb7 18. Rbd1 Rad8 19. Qd4 Qxd4 20. Rxd4 c5
21. Rd2 Rfe8 22. Re1 d5 23. e5 Ne4 24. Bxe4 dxe4 25. Rxd8 Rxd8 26. Kg1 Rd2 27.
Re2 Rxe2 28. Nxe2 Kf8 29. Kf2 Ke7 30. Ke3 Ke6 31. Kf4 g5+ 32. Kxg5 Kxe5 33. g4
hxg4 34. Kxg4 f5+ 35. Kg3 Ba6 36. Nf4 Bc4 37. a3 a5 38. h4 Bg8 39. c3 a4 40. h5
Kf6 41. Kf2 Kg5 42. Ke3 Bc4 43. h6 Kxh6 44. Nh3 Kg6 45. Kf4 Kf6 46. Nf2 Bb3 47.
Nh3 Bd1 48. Ke3 Bh5 49. Nf4 Bf7 50. Ng2 Ke5 51. Nf4 Be8 52. Ng2 Kd5 53. Kf4 Kc4
54. Kxf5 Kb3 55. Ne3 Kxb2 56. Kxe4 Kxc3 57. Kd5 c4 58. Kc5 Bf7 59. Kb5 Kb3 0-1

[Event "Landesklasse Ost 2016/2017"]
[Site "?"]
[Date "2016.09.26"]
[Round "1"]
[White "Pichl, Michael"]
[Black "Mißbach, Bernd"]
[Result "1-0"]
[WhiteElo "1937"]
[BlackElo "1916"]
[PlyCount "151"]
[EventDate "2016.??.??"]
[WhiteTeam "SV Empor Erfurt"]
[BlackTeam "SV Jenapharm Jena"]

1. g3 c5 2. Bg2 Nc6 3. c4 g6 4. Nc3 Bg7 5. Nf3 Nf6 6. O-O O-O 7. a3 d6 8. Rb1
a5 9. d3 Bg4 10. h3 Bd7 11. Ne1 Qc8 12. Kh2 Rb8 13. Nc2 b6 14. Bd2 h5 15. h4
Ng4+ 16. Kg1 Nf6 17. Re1 Bh3 18. Bh1 Bd7 19. b4 axb4 20. axb4 Re8 21. b5 Nd4
22. Nxd4 cxd4 23. Nd5 Nxd5 24. Bxd5 Qd8 25. Ra1 e6 26. Bg2 e5 27. Ra7 Re7 28.
Qb3 Be6 29. Ra4 Rc7 30. Rea1 Bf8 31. Bb4 Kg7 32. Bd2 Kh7 33. Ra8 Rxa8 34. Rxa8
Rc8 35. Ra7 Rb8 36. Bg5 Qc8 37. Qa2 Kg7 38. Qa4 Qc5 39. Ra8 Qc7 40. Bc6 Rxa8
41. Qxa8 Bc8 42. Bd5 f6 43. Bd2 Be7 44. Bb4 f5 45. Qa3 Kf6 46. Qc1 Kg7 47. Qd2
Bf8 48. Ba3 Qe7 49. Bc1 Kh7 50. Qa2 Qc7 51. Qa8 Be7 52. Qa2 Bf8 53. Bg5 Be7 54.
Qd2 Qd8 55. Bxe7 Qxe7 56. Qa2 Kg7 57. Qa8 Qc7 58. Kg2 Kf6 59. Qa3 Kg7 60. Qc1
Qe7 61. Qd2 Bb7 62. Bxb7 Qxb7+ 63. Kh2 Qe7 64. Qa2 Qb7 65. Qa6 Qb8 66. Qa1 Qb7
67. Kh3 Kf6 68. Qc1 Kg7 69. Kh2 Qe7 70. Qh1 e4 71. Qa1 Qe5 72. Qa7+ Kh6 73.
Qxb6 exd3 74. exd3 f4 75. Qd8 fxg3+ 76. Kg2 1-0

[Event "Landesklasse Ost 2016/2017"]
[Site "?"]
[Date "2016.09.26"]
[Round "1"]
[White "Wicklein, Stefan"]
[Black "Schmuck, Helmut"]
[Result "1/2-1/2"]
[WhiteElo "1938"]
[BlackElo "2023"]
[PlyCount "20"]
[EventDate "2016.??.??"]
[WhiteTeam "SV Jenapharm Jena"]
[BlackTeam "SV Empor Erfurt"]

1. d4 f5 2. g3 g6 3. Bg2 Bg7 4. Nh3 Nf6 5. O-O O-O 6. c4 d6 7. Nc3 c6 8. d5 e5
9. dxe6 Bxe6 10. Qd3 Qe7 1/2-1/2

[Event "Landesklasse Ost 2016/2017"]
[Site "?"]
[Date "2016.09.26"]
[Round "1"]
[White "Nicolai, Tim"]
[Black "Vater, Rainer"]
[Result "1-0"]
[WhiteElo "1851"]
[BlackElo "1867"]
[PlyCount "53"]
[EventDate "2016.??.??"]
[WhiteTeam "SV Empor Erfurt"]
[BlackTeam "SV Jenapharm Jena"]

1. e4 d5 2. exd5 Qxd5 3. Nc3 Qd6 4. d4 Nf6 5. Nf3 a6 6. Bd3 b5 7. Ne4 Qd5 8.
Qe2 Bb7 9. Nxf6+ gxf6 10. Bf4 Qd7 11. O-O e6 12. Be4 Bxe4 13. Qxe4 c6 14. a4 b4
15. c4 a5 16. Rfe1 Bg7 17. d5 cxd5 18. cxd5 e5 19. Bxe5 O-O 20. Bd4 Na6 21. Qh4
Qf5 22. Re4 Nc7 23. Rf4 Qxd5 24. Bxf6 Ne6 25. Rg4 Qf5 26. Nd4 Qxf6 27. Qxf6 1-0

[Event "Landesklasse Ost 2016/2017"]
[Site "?"]
[Date "2016.09.26"]
[Round "1"]
[White "Rauhut, Frank"]
[Black "Heinke, Jasper"]
[Result "1-0"]
[WhiteElo "1794"]
[BlackElo "1896"]
[PlyCount "79"]
[EventDate "2016.??.??"]
[WhiteTeam "SV Jenapharm Jena"]
[BlackTeam "SV Empor Erfurt"]

1. d4 Nf6 2. Nf3 g6 3. Bg5 Bg7 4. Nbd2 d6 5. e4 O-O 6. Bc4 Nc6 7. c3 e5 8. dxe5
Nxe5 9. Nxe5 dxe5 10. Qb3 Qd6 11. Rd1 Qc6 12. O-O Rb8 13. Rfe1 b5 14. Bd3 Bg4
15. f3 Be6 16. Qc2 a5 17. c4 bxc4 18. Nxc4 Bxc4 19. Bxc4 Qb6+ 20. Be3 Qxb2 21.
Qxb2 Rxb2 22. Bc5 Rfb8 23. Bb3 Bf8 24. Rc1 Rd8 25. Be3 Rd3 26. Rxc7 Rd7 27.
Rxd7 Nxd7 28. Rc1 Re2 29. Bf2 Rd2 30. Rc7 Bb4 31. Be1 Rd3 32. Bxb4 axb4 33. Bd5
Nf6 34. Bxf7+ Kh8 35. Bb3 Rd2 36. Re7 Nh5 37. g3 Rd3 38. Kg2 Rd2+ 39. Kh3 Rf2
40. Rf7 1-0

[Event "Landesklasse Ost 2016/2017"]
[Site "?"]
[Date "2016.09.26"]
[Round "1"]
[White "Kloß, Thomas"]
[Black "Strauch, Martin"]
[Result "1-0"]
[WhiteElo "1902"]
[BlackElo "1766"]
[PlyCount "93"]
[EventDate "2016.??.??"]
[WhiteTeam "SV Jenapharm Jena"]
[BlackTeam "SV Empor Erfurt"]

1. Nf3 d6 2. g3 g6 3. Bg2 Bg7 4. O-O Nf6 5. d4 O-O 6. c4 c5 7. Nc3 cxd4 8. Nxd4
Nbd7 9. b3 Nc5 10. Bb2 a6 11. Qd2 Qc7 12. Rac1 e5 13. Nc2 Bf5 14. Ne3 Be4 15.
Nxe4 Nfxe4 16. Qc2 f5 17. Nd5 Qd8 18. b4 Ne6 19. Bxe4 fxe4 20. Qxe4 Rc8 21. Qd3
Rf7 22. e3 Ng5 23. f4 e4 24. Qc2 Nf3+ 25. Kg2 Bxb2 26. Qxb2 h5 27. h4 Rc6 28.
Rfd1 b5 29. cxb5 Rxc1 30. Rxc1 axb5 31. Qe2 Qa8 32. Nc3 Qa3 33. Rc2 Qxb4 34.
Kf2 Rf5 35. Nxe4 Qxe4 36. Rc8+ Kg7 37. Qxf3 Qe6 38. Rc7+ Kg8 39. Qa8+ Rf8 40.
Qa7 Re8 41. Rg7+ Kf8 42. Rh7 Qf6 43. Qb7 Qb2+ 44. Kf3 Qf6 45. Qd5 Re7 46. Rxe7
Kxe7 47. Qg5 1-0

[Event "Landesklasse Ost 2016/2017"]
[Site "?"]
[Date "2016.09.26"]
[Round "1"]
[White "Geletzke, Hannah"]
[Black "Skarus, Steffen"]
[Result "1/2-1/2"]
[WhiteElo "1525"]
[BlackElo "1776"]
[PlyCount "71"]
[EventDate "2016.??.??"]
[WhiteTeam "SV Empor Erfurt"]
[BlackTeam "SV Jenapharm Jena"]

1. e4 g6 2. d4 Bg7 3. Nf3 d6 4. h3 Nc6 5. Nc3 e5 6. Be3 exd4 7. Nxd4 Nxd4 8.
Bxd4 Bxd4 9. Qxd4 Qf6 10. O-O-O Qxd4 11. Rxd4 Nf6 12. Nb5 Kd7 13. e5 Ne8 14.
Bc4 a6 15. Nc3 Rf8 16. exd6 Nxd6 17. Ne4 f5 18. Nc5+ Kc6 19. Na4 Rf6 20. Bd5+
Kd7 21. Nc5+ Ke7 22. Re1+ Kf8 23. Be6 b6 24. Nd7+ Bxd7 25. Bxd7 c5 26. Rd5 Ra7
27. Be6 Ne4 28. f3 Rxe6 29. fxe4 fxe4 30. Kd2 Rf7 31. Ke3 Rf5 32. Rxf5+ gxf5
33. Rf1 Rf6 34. g4 Rh6 35. Rxf5+ Ke7 36. Kxe4 1/2-1/2

[Event "Landesklasse Ost 2016/2017"]
[Site "?"]
[Date "2016.09.26"]
[Round "1"]
[White "Krug, Klaus-Peter"]
[Black "Schlierf, Andre"]
[Result "1-0"]
[WhiteElo "1825"]
[BlackElo "1841"]
[PlyCount "117"]
[EventDate "2016.??.??"]
[WhiteTeam "TSG Apolda"]
[BlackTeam "Schachklub Weida"]

1. Nf3 f5 2. b3 Nf6 3. Bb2 e6 4. e3 Be7 5. Be2 O-O 6. O-O b6 7. Ne5 Bb7 8. Bf3
c6 9. d4 d6 10. Nd3 Qe8 11. c4 Nbd7 12. Nd2 d5 13. Be2 Rc8 14. a3 Bd6 15. Ne5
Qe7 16. f4 c5 17. Bd3 Ne4 18. Bxe4 dxe4 19. Nxd7 Qxd7 20. Rf2 Rcd8 21. Nf1 Qc7
22. Rd2 Be7 23. Rc1 Bf6 24. g3 Rf7 25. Qe2 Rfd7 26. Rcd1 Rd6 27. dxc5 Rxd2 28.
Rxd2 Rxd2 29. Qxd2 Bxb2 30. Qxb2 Qxc5 31. Kf2 Qd6 32. b4 Kf7 33. Nd2 Ba6 34.
Qd4 Qxd4 35. exd4 Ke7 36. b5 Bc8 37. Ke3 Kd6 38. Nb3 h6 39. Na1 a6 40. a4 axb5
41. axb5 Bd7 42. Nc2 Be8 43. Kd2 Bd7 44. Kc3 Be8 45. Ne3 g6 46. Kb4 Bf7 47. c5+
Kc7 48. Nc4 bxc5+ 49. dxc5 g5 50. Nd6 Bh5 51. Kc3 Be2 52. Kd4 Bf1 53. b6+ Kc6
54. Nf7 gxf4 55. gxf4 Ba6 56. Nxh6 e3 57. Nf7 Bb7 58. Ne5+ Kb5 59. Kxe3 1-0

[Event "Landesklasse Ost 2016/2017"]
[Site "?"]
[Date "2016.09.26"]
[Round "1"]
[White "Schumann, Robert"]
[Black "Siegl, Detlef"]
[Result "1/2-1/2"]
[WhiteElo "1847"]
[BlackElo "1736"]
[PlyCount "85"]
[EventDate "2016.??.??"]
[WhiteTeam "Schachklub Weida"]
[BlackTeam "TSG Apolda"]

1. d4 Nf6 2. Nf3 d5 3. e3 e6 4. Bd3 c5 5. c3 Be7 6. Nbd2 Nc6 7. O-O O-O 8. Re1
Qb6 9. Nf1 Bd6 10. Ng3 g6 11. dxc5 Bxc5 12. Nd4 e5 13. Nxc6 bxc6 14. b4 Be7 15.
e4 d4 16. Bh6 Re8 17. h3 dxc3 18. a3 Be6 19. Qc2 a5 20. Be3 Qc7 21. Qxc3 axb4
22. axb4 Bd6 23. Rec1 Qb7 24. Bc5 Bc7 25. Bc4 Bxc4 26. Qxc4 Nd7 27. Be3 Bd6 28.
Rxa8 Rxa8 29. Rd1 Bxb4 30. Rxd7 Qxd7 31. Qxb4 Qd1+ 32. Kh2 h5 33. Qd2 Qxd2 34.
Bxd2 c5 35. Be3 c4 36. Ne2 Ra3 37. Kg1 f6 38. Kf1 Kf7 39. Ke1 Rd3 40. Nc1 Ra3
41. Kd2 Ke6 42. Kc2 f5 43. Bc5 1/2-1/2

[Event "Landesklasse Ost 2016/2017"]
[Site "?"]
[Date "2016.09.26"]
[Round "1"]
[White "Henzgen, Nick"]
[Black "Künzel, Andre"]
[Result "0-1"]
[WhiteElo "1676"]
[BlackElo "1835"]
[PlyCount "76"]
[EventDate "2016.??.??"]
[WhiteTeam "TSG Apolda"]
[BlackTeam "Schachklub Weida"]

1. e4 d6 2. Nf3 Nf6 3. Nc3 e5 4. Be2 Be7 5. O-O O-O 6. d4 Nbd7 7. Be3 c6 8. Qd2
Qc7 9. Rac1 b5 10. a3 a5 11. b4 axb4 12. axb4 Bb7 13. d5 Qb8 14. Ra1 Rc8 15.
Rfb1 cxd5 16. exd5 Qc7 17. Nxb5 Qxc2 18. Qxc2 Rxc2 19. Bd3 Rxa1 20. Rxa1 Rb2
21. Nd2 Bxd5 22. Nc3 Rxb4 23. Ra7 Be6 24. Nb5 Nd5 25. Nc7 Nxc7 26. Rxc7 Bd8 27.
Rc8 Rb8 28. Rc6 Be7 29. Ne4 Bd5 30. Rc7 Rb7 31. Rc8+ Nf8 32. Nc3 Be6 33. Ra8 f5
34. g3 d5 35. Ba6 Rb2 36. Na4 Rb1+ 37. Kg2 d4 38. Bd2 Bd5+ 0-1

[Event "Landesklasse Ost 2016/2017"]
[Site "?"]
[Date "2016.09.26"]
[Round "1"]
[White "Heine, Robert"]
[Black "Geißler, Gerd"]
[Result "1/2-1/2"]
[WhiteElo "1578"]
[BlackElo "1613"]
[PlyCount "34"]
[EventDate "2016.??.??"]
[WhiteTeam "Schachklub Weida"]
[BlackTeam "TSG Apolda"]

1. d4 Nf6 2. Nf3 d5 3. e3 e6 4. Bd3 c5 5. c3 Nc6 6. Nbd2 Bd6 7. O-O O-O 8. Re1
e5 9. dxe5 Nxe5 10. Nxe5 Bxe5 11. Nf3 Bg4 12. h3 Bxf3 13. Qxf3 Qc7 14. Bd2 Rfe8
15. Rad1 Ne4 16. Bc1 Re6 17. Bxe4 dxe4 1/2-1/2

[Event "Landesklasse Ost 2016/2017"]
[Site "?"]
[Date "2016.09.26"]
[Round "1"]
[White "Kroh, Christian"]
[Black "Wagner, Uwe"]
[Result "1/2-1/2"]
[WhiteElo "1414"]
[BlackElo "1690"]
[PlyCount "40"]
[EventDate "2016.??.??"]
[WhiteTeam "TSG Apolda"]
[BlackTeam "Schachklub Weida"]

1. d4 Nf6 2. Nf3 e6 3. c4 d5 4. Nc3 Be7 5. Bf4 a6 6. e3 O-O 7. cxd5 Nxd5 8.
Nxd5 exd5 9. Rc1 c6 10. Bd3 Qa5+ 11. Nd2 Be6 12. Qh5 g6 13. Qh6 Bf6 14. Be5 Nd7
15. Bxf6 Nxf6 16. h4 Qd8 17. h5 Ng4 18. Qf4 Qf6 19. Qxf6 Nxf6 20. hxg6 hxg6
1/2-1/2

[Event "Landesklasse Ost 2016/2017"]
[Site "?"]
[Date "2016.09.26"]
[Round "1"]
[White "Urban, Bernd"]
[Black "Schroeter, Matthias"]
[Result "1/2-1/2"]
[WhiteElo "1724"]
[BlackElo "1576"]
[PlyCount "105"]
[EventDate "2016.??.??"]
[WhiteTeam "Schachklub Weida"]
[BlackTeam "TSG Apolda"]

1. c4 d5 2. cxd5 Qxd5 3. Nc3 Qa5 4. d4 Nf6 5. Nf3 c6 6. e3 Ne4 7. Qc2 Bf5 8.
Bd3 Nxc3 9. bxc3 Bxd3 10. Qxd3 e6 11. Ke2 Nd7 12. Bd2 Be7 13. Rhb1 Qc7 14. e4
O-O 15. g3 Rfd8 16. Bf4 Bd6 17. e5 Be7 18. Qe4 Nb6 19. Bg5 Nd5 20. Rc1 Bxg5 21.
Nxg5 g6 22. h4 Kg7 23. c4 Nb6 24. Rab1 Qe7 25. c5 Nd5 26. Kf1 Rd7 27. Rb3 Rad8
28. Rf3 Rf8 29. Qg4 h6 30. Ne4 f5 31. exf6+ Nxf6 32. Nxf6 Rxf6 33. Re3 Qd8 34.
Rxe6 Rxd4 35. Re7+ Kf8 36. Re4 Rxe4 37. Qxe4 Qe7 38. Qg4 Qe6 39. Qd4 Kf7 40.
Re1 Qd5 41. Qxd5+ cxd5 42. Rb1 b6 43. cxb6 Rxb6 44. Rxb6 axb6 45. Ke2 Ke6 46.
Kd3 Ke5 47. a4 d4 48. f4+ Kf5 49. Kxd4 Kg4 50. Kc4 Kxg3 51. Kb5 Kxf4 52. Kxb6
g5 53. hxg5 1/2-1/2

[Event "Landesklasse Ost 2016/2017"]
[Site "?"]
[Date "2016.09.26"]
[Round "1"]
[White "Burghoff, Elias"]
[Black "Heine, Mario"]
[Result "0-1"]
[WhiteElo "1320"]
[BlackElo "1752"]
[PlyCount "68"]
[EventDate "2016.??.??"]
[WhiteTeam "TSG Apolda"]
[BlackTeam "Schachklub Weida"]

1. e4 d6 2. Nf3 Nf6 3. d3 c6 4. c3 e5 5. Bg5 Be7 6. Nbd2 Nbd7 7. Be2 Qc7 8. O-O
O-O 9. Qb3 Nc5 10. Qc2 Ne6 11. Nb3 Nxg5 12. Nxg5 d5 13. exd5 Nxd5 14. Nf3 Bf5
15. Qd2 Nf4 16. d4 e4 17. Ne5 Nxe2+ 18. Qxe2 Bd6 19. Ng4 Rae8 20. g3 Re6 21.
Ne3 Bh3 22. Rfe1 b5 23. Qh5 Rh6 24. Qe2 f5 25. f4 exf3 26. Qxf3 Rg6 27. Kf2 f4
28. Nf1 fxg3+ 29. Nxg3 Bxg3+ 30. hxg3 Qxg3+ 31. Ke2 Qxf3+ 32. Kd2 Rg2+ 33. Kc1
Qf4+ 34. Kb1 Bf5+ 0-1

[Event "Landesklasse Ost 2016/2017"]
[Site "?"]
[Date "2016.09.26"]
[Round "1"]
[White "Lehmann, Volkhard"]
[Black "Liebeskind, Pascal"]
[Result "1-0"]
[WhiteElo "1674"]
[BlackElo "1420"]
[PlyCount "87"]
[EventDate "2016.??.??"]
[WhiteTeam "Schachklub Weida"]
[BlackTeam "TSG Apolda"]

1. d4 Nf6 2. Bf4 g6 3. e3 Bg7 4. c4 O-O 5. Nc3 d6 6. Nf3 Nbd7 7. Qc2 Nh5 8. Bg3
a6 9. Rd1 Qe8 10. Nd5 Qd8 11. Bh4 Nhf6 12. Nf4 Re8 13. Be2 c5 14. O-O Rb8 15.
Nd3 Qa5 16. dxc5 dxc5 17. a3 Ne4 18. Nf4 Nd6 19. Nd5 Nf5 20. b4 Qxa3 21. bxc5
Nxh4 22. Nxh4 Qxc5 23. Nf3 Nf6 24. Nxf6+ Bxf6 25. Rd5 Qc6 26. Nd4 Bxd4 27. Rxd4
e5 28. Bf3 Qc7 29. Rd2 Be6 30. Bd5 Bxd5 31. Rxd5 Rbc8 32. Rc1 b5 33. c5 Re6 34.
Qc3 f6 35. Rcd1 h6 36. Qb3 Kf8 37. Qd3 a5 38. Rd7 Qxc5 39. Qxg6 Re7 40. Qxf6+
Ke8 41. Qg6+ Kf8 42. Rd8+ Rxd8 43. Rxd8+ Re8 44. Rxe8# 1-0

[Event "Landesklasse West 2016/2017"]
[Site "?"]
[Date "2016.09.25"]
[Round "1"]
[White "Stöber, Alexander"]
[Black "Essegern, Kurt"]
[Result "1/2-1/2"]
[WhiteElo "1771"]
[BlackElo "1961"]
[PlyCount "56"]
[EventDate "2016.??.??"]
[WhiteTeam "SK Dingelstädt 1921"]
[BlackTeam "Randspringer Bad Salzungen"]

1. e4 c5 2. Nc3 Nc6 3. g3 g6 4. Bg2 Bg7 5. d3 d6 6. Be3 e6 7. Qd2 Qa5 8. Nge2
Nd4 9. Nc1 Ne7 10. O-O Bd7 11. Nb3 Qb4 12. Bf4 e5 13. Bg5 f6 14. Be3 O-O 15. f4
a5 16. Qf2 a4 17. Bd2 Qb6 18. Nxd4 cxd4 19. Nd1 a3 20. b3 Qa6 21. Qe2 Rac8 22.
c4 dxc3 23. Nxc3 Nc6 24. Nd5 Be6 25. Rac1 Bxd5 26. exd5 Nd4 27. Qe3 Nc2 28. Qe2
Nd4 1/2-1/2

[Event "Landesklasse West 2016/2017"]
[Site "?"]
[Date "2016.09.25"]
[Round "1"]
[White "Hübschmann, Holger"]
[Black "Lorenz, Sebastian"]
[Result "1-0"]
[WhiteElo "1875"]
[BlackElo "1715"]
[PlyCount "49"]
[EventDate "2016.??.??"]
[WhiteTeam "Randspringer Bad Salzungen"]
[BlackTeam "SK Dingelstädt 1921"]

1. Nf3 Nf6 2. c4 e6 3. g3 c5 4. Bg2 Nc6 5. O-O d5 6. cxd5 exd5 7. d4 b6 8. Nc3
Be6 9. Qa4 Qd7 10. Rd1 Rd8 11. Bf4 Nxd4 12. Nxd4 cxd4 13. Nb5 Bc5 14. b4 O-O
15. bxc5 bxc5 16. Qa6 Rc8 17. a4 Ne4 18. Qxa7 Qc6 19. Rac1 Ra8 20. Qc7 Qa6 21.
Bxe4 dxe4 22. Qxc5 Qxa4 23. Rxd4 Qa2 24. Rxe4 Rfc8 25. Qxc8+ 1-0

[Event "Landesklasse West 2016/2017"]
[Site "?"]
[Date "2016.09.25"]
[Round "1"]
[White "Meister, Matthias"]
[Black "Essegern, Uwe"]
[Result "0-1"]
[WhiteElo "1719"]
[BlackElo "1871"]
[PlyCount "96"]
[EventDate "2016.??.??"]
[WhiteTeam "SK Dingelstädt 1921"]
[BlackTeam "Randspringer Bad Salzungen"]

1. e4 c5 2. Nc3 Nc6 3. Bc4 e6 4. d3 a6 5. a4 Nf6 6. Bg5 h6 7. Bh4 Be7 8. Nge2
Qa5 9. O-O Nxe4 10. Bxe7 Nxc3 11. Nxc3 Nxe7 12. Re1 O-O 13. Qg4 d5 14. Bb3 Nf5
15. Ne2 Qd8 16. c3 Qg5 17. Qxg5 hxg5 18. Bc2 Nd6 19. h3 b6 20. b3 Bd7 21. d4
Rfc8 22. dxc5 Rxc5 23. Rec1 Rc7 24. Bd3 a5 25. Ra2 e5 26. Rd2 Be6 27. f3 Nc8
28. Bb5 Na7 29. Bd3 Nc8 30. Bb5 Ne7 31. Bd3 Rac8 32. Ba6 Ra8 33. Bd3 g6 34. Bb5
Rac8 35. Ba6 Ra8 36. Bd3 Kg7 37. Bb5 Rac8 38. Ba6 Ra8 39. Bb5 Bc8 40. c4 d4 41.
Ng3 Bb7 42. Re1 f6 43. Kf2 Nf5 44. Nf1 Bc6 45. Bxc6 Rxc6 46. Rd3 Nd6 47. Ng3
Nb7 48. Rdd1 Nc5 0-1

[Event "Landesklasse West 2016/2017"]
[Site "?"]
[Date "2016.09.25"]
[Round "1"]
[White "Schulz, Tilo"]
[Black "Strecker, Frank"]
[Result "1-0"]
[WhiteElo "1868"]
[BlackElo "1674"]
[PlyCount "39"]
[EventDate "2016.??.??"]
[WhiteTeam "Randspringer Bad Salzungen"]
[BlackTeam "SK Dingelstädt 1921"]

1. e4 c5 2. Nf3 d6 3. d4 cxd4 4. Nxd4 a6 5. c4 Nc6 6. Be3 Nf6 7. f3 Bd7 8. Nc3
g6 9. Qd2 Bg7 10. Be2 O-O 11. O-O Ne8 12. Rad1 Nc7 13. f4 Nxd4 14. Bxd4 Bxd4+
15. Qxd4 Ne6 16. Qe3 Bc6 17. e5 Qc7 18. f5 Ng7 19. f6 Nf5 20. Rxf5 1-0

[Event "Landesklasse West 2016/2017"]
[Site "?"]
[Date "2016.09.25"]
[Round "1"]
[White "Kirchberg, Hans-Georg"]
[Black "Feldmann, Bernd"]
[Result "0-1"]
[WhiteElo "1720"]
[BlackElo "1816"]
[PlyCount "84"]
[EventDate "2016.??.??"]
[WhiteTeam "SK Dingelstädt 1921"]
[BlackTeam "Randspringer Bad Salzungen"]

1. d4 d5 2. Nf3 c6 3. e3 Bg4 4. h3 Bh5 5. g4 Bg6 6. Ne5 Nd7 7. Nxg6 hxg6 8. Nd2
e6 9. Bd3 Bd6 10. e4 Ne7 11. e5 Bc7 12. Qe2 c5 13. c3 cxd4 14. cxd4 Ba5 15. a3
Nc6 16. Qe3 Bb6 17. Nf3 a6 18. Bd2 Rc8 19. Bc3 Qe7 20. h4 Na5 21. Bb4 Qd8 22.
Ng5 Nf8 23. Rd1 Qd7 24. Ke2 Nc6 25. Bc3 f6 26. Nf3 Kf7 27. h5 gxh5 28. Rxh5
Rxh5 29. gxh5 Nxe5 30. Nxe5+ fxe5 31. Qxe5 Qc7 32. Qg5 Qd8 33. Qg4 Qf6 34. Rg1
Bc7 35. Bd2 Bb6 36. Rg3 Qxd4 37. Rf3+ Ke8 38. Bg6+ Kd7 39. Rf7+ Kc6 40. Qg3
Qxb2 41. Rxg7 Ba5 42. Be8+ Rxe8 0-1

[Event "Landesklasse West 2016/2017"]
[Site "?"]
[Date "2016.09.25"]
[Round "1"]
[White "Roth, Ralf"]
[Black "Meyer, Peter"]
[Result "1/2-1/2"]
[WhiteElo "1834"]
[BlackElo "1591"]
[PlyCount "57"]
[EventDate "2016.??.??"]
[WhiteTeam "Randspringer Bad Salzungen"]
[BlackTeam "SK Dingelstädt 1921"]

1. d4 Nf6 2. Nf3 e6 3. c4 c5 4. e3 Nc6 5. Nc3 cxd4 6. exd4 Bb4 7. Bg5 h6 8. Bd2
d5 9. cxd5 Nxd5 10. Bb5 O-O 11. Bxc6 bxc6 12. O-O Ba6 13. Re1 Qb6 14. Na4 Qb5
15. Bxb4 Nxb4 16. b3 Rfd8 17. Re5 Qd3 18. Nc5 Qxd1+ 19. Rxd1 Bc8 20. Rd2 Rb8
21. h3 Nd5 22. Ree2 Ne7 23. Ne5 Rb4 24. Nc4 Nf5 25. a3 Rb5 26. Re4 Nd6 27. Nxd6
Rxd6 28. b4 a5 29. Rb2 1/2-1/2

[Event "Landesklasse West 2016/2017"]
[Site "?"]
[Date "2016.09.25"]
[Round "1"]
[White "Shevchenko, Andriy"]
[Black "Kunze, Heinz"]
[Result "0-1"]
[WhiteElo "1458"]
[BlackElo "1649"]
[PlyCount "66"]
[EventDate "2016.??.??"]
[WhiteTeam "SK Dingelstädt 1921"]
[BlackTeam "Randspringer Bad Salzungen"]

1. e4 c5 2. a3 e6 3. Nf3 Qc7 4. h3 a6 5. Nc3 Nc6 6. d3 Nf6 7. Be3 d6 8. Be2 Be7
9. Qd2 e5 10. Bg5 Be6 11. Bxf6 Bxf6 12. Nd5 Bxd5 13. exd5 Ne7 14. c4 O-O 15.
Nh2 Nf5 16. g4 Nd4 17. Bd1 Qd8 18. Nf3 Re8 19. O-O Nxf3+ 20. Bxf3 Bg5 21. Qc2
Bf4 22. Kg2 g6 23. Rh1 Bg5 24. b4 b6 25. Rae1 Ra7 26. Qe2 a5 27. b5 Bh4 28.
Reg1 Rf8 29. Rh2 f5 30. gxf5 Rxf5 31. Kf1 Raf7 32. Rg3 Bxg3 33. fxg3 Qf6 0-1

[Event "Landesklasse West 2016/2017"]
[Site "?"]
[Date "2016.09.25"]
[Round "1"]
[White "Wiefel, Erik"]
[Black "Trapp, Werner"]
[Result "1-0"]
[WhiteElo "1695"]
[BlackElo "1388"]
[PlyCount "57"]
[EventDate "2016.??.??"]
[WhiteTeam "Randspringer Bad Salzungen"]
[BlackTeam "SK Dingelstädt 1921"]

1. e4 e5 2. Nf3 Nc6 3. Bb5 d6 4. O-O Nf6 5. Re1 Be7 6. d4 exd4 7. Nxd4 Bd7 8.
Nc3 O-O 9. Nxc6 bxc6 10. Bc4 Be6 11. Qd3 Nd7 12. Bxe6 fxe6 13. f4 Nc5 14. Qc4
d5 15. exd5 cxd5 16. Qe2 Bf6 17. g3 Bxc3 18. bxc3 Qf6 19. Qe5 Qxe5 20. Rxe5
Rfe8 21. Ba3 Ne4 22. f5 exf5 23. Rxd5 Nxc3 24. Rc5 Ne4 25. Rxf5 g6 26. Rf4 Re6
27. Raf1 a6 28. Rf7 Rc8 29. Bb2 1-0